|
|
|
|
| LEADER |
01671nam a2200313 a 4500 |
| 001 |
20469 |
| 003 |
BD-DhAAL |
| 005 |
20240212160428.0 |
| 008 |
100628s2009 bg b b 001 0 eng d |
| 010 |
|
|
|a 2009311892
|
| 020 |
|
|
|a 9847022000127
|
| 040 |
|
|
|a DLC
|c DLC
|d DLC
|d BD-DhAAL
|
| 082 |
0 |
0 |
|a 954.9205
|2 23
|
| 100 |
1 |
|
|a Ali, Shaikh Maqsood.
|9 46605
|
| 245 |
1 |
0 |
|a From East Bengal to Bangladesh :
|b dynamics and perspectives /
|c Shaikh Maqsood Ali.
|
| 260 |
|
|
|a Dhaka :
|b University Press Limited,
|c 2009.
|
| 300 |
|
|
|a xx, 438 pages :
|b maps ;
|c 22 cm.
|
| 490 |
0 |
|
|a Road to Bangladesh series
|
| 504 |
|
|
|a Includes bibliographical references and index.
|
| 541 |
1 |
|
|a Donated By Rebecca Dipa Khan
|e 00020469, 42127
|
| 651 |
|
0 |
|a Bangladesh
|x Politics and government.
|
| 651 |
|
0 |
|a Bengal (India)
|x Politics and government.
|
| 830 |
|
|
|a Road to Bangladesh series
|
| 852 |
4 |
|
|a Ayesha Abed Library
|c General Stacks
|
| 942 |
|
|
|2 ddc
|c BK
|
| 999 |
|
|
|c 9115
|d 9115
|
| 952 |
|
|
|0 0
|1 0
|2 ddc
|4 0
|6 954_920500000000000_ALI_2009
|7 0
|9 11356
|a BRACUL
|b BRACUL
|c GEN
|d 2010-06-29
|l 9
|m 41
|o 954.9205 ALI
|p 3010020469
|r 2026-04-26
|s 2026-03-07
|t 1
|w 2010-06-29
|y BK
|
| 952 |
|
|
|0 0
|1 0
|2 ddc
|4 0
|6 954_920500000000000_ALI_2009
|7 0
|9 15922
|a BIGD
|b BIGD
|c GEN
|d 2011-03-30
|e University Press Liited
|g 750.00
|l 0
|o 954.9205 ALI
|p 3050022272
|r 2011-03-30
|t 2
|w 2011-03-30
|y BK
|x Transferred from BDI to BIGD.
|
| 952 |
|
|
|0 0
|1 0
|2 ddc
|4 0
|6 954_920500000000000_ALI
|7 0
|9 75112
|a BRACUL
|b BRACUL
|c CIR
|d 2024-02-07
|e Donated By Rebecca Dipa Khan
|l 8
|o 954.9205 ALI
|p 3010042127
|r 2026-04-23
|s 2026-04-23
|t 3
|w 2024-02-07
|y 1HOUR
|x According to Gazi Md. Mizanur Rahman (Assistant Professor, ENH) instruction, the book has been reserved as one hour loan.
|